Click to Translate - Catalan - Statistics

General Stats
  • This quiz has been taken 4,580 times
  • The average score is 15 of 20
Answer Stats
Hint Answer % Correct
Time Temps
93%
Bedroom Dormitori
92%
Here Aquí
89%
Sing Cantar
89%
Happy Feliç
89%
Chicken Pollastre
89%
Brown Marró
85%
Feet Peus
84%
Hot Calent
83%
Eight Vuit
77%
Sister Germana
75%
Forest Bosc
73%
Chair Cadira
72%
We Nosaltres
72%
January Gener
71%
Snow Neu
70%
Dinner Sopar
65%
Now Ara
64%
Doctor Metge
53%
Nothing Res
35%
No matching quizzes found
Score Distribution
Percent of People with Each Score
Percentile by Number Answered
Your Score History
You have not taken this quiz